000 06612cgm a2201153Ii 4500
001 ocn964452266
003 OCoLC
005 20251212103137.0
007 vd cvaizq
008 161128p20162015cau631 vleng d
024 1 0 _a024543283836
_d80
024 1 _a024543283843
028 4 2 _a2328383
_bTwentieth Century Fox Home Entertainment
028 4 2 _a2328384
_b20th Century Fox Home Entertainment
033 2 1 _a20151004
_a20151220
_b3700
035 _a(OCoLC)964452266
037 _bMidwest Tape
_nhttp://www.midwesttapes.com
040 _aTEFMT
_beng
_erda
_cTEFMT
_dTEF
_dNOG
_dTEFMT
_dGK8
_dIK2
_dPX0
_dUINTA
041 1 _aeng
_aspa
_afre
_apor
_heng
043 _an-us---
_ae-gx---
046 _k2015
_2edtf
049 _aUCLB
050 4 _aPN1992.77
_b.H662 2016
082 0 4 _a791.45/75
_223
092 _bDVD
245 0 0 _aHomeland. The complete fifth season /
246 3 _aHomeland.
_nThe complete 5th season
246 3 _aHomeland.
_nFifth season
246 3 _aHomeland.
_n5th season
246 3 _aHomeland.
_nSeason five
246 3 _aHomeland.
_nSeason 5
264 1 _aBeverly Hills, Calif. :
_bTwentieth Century Fox Home Entertainment, developed for American television by Alex Gansa & Howard Gordon ; Twentieth Century Fox Film Corporation ; Teakwood Lane Productions ; Cherry Pie Productions ; Keshet ; Fox 21.
_c[2016]
300 _a4 videodiscs (approximately 631 minutes) :
_bsound, color ;
_c4 3/4 in.
336 _atwo-dimensional moving image
337 _avideo
338 _avideodisc
340 _b4 3/4 in.
500 _aBased on the Israeli television series: Prisoners of War / by Gideon Raff.
500 _aOriginally broadcast on television as individual episodes by Showtime in 2015.
500 _aLanguage options taken from DVD menu and may differ from container packaging.
500 _aWidescreen (1.78:1).
500 _aSpecial features: The evolution of Carrie Mathison; Homeland in Berlin: Beyond the wall.
505 0 0 _gDisc 1.
_tSeparation anxiety ;
_tThe tradition of hospitality ;
_tSuper powers --
_gdisc 2.
_tWhy is this night different? ;
_tBetter call Saul ;
_tParabiosis --
_gdisc 3.
_tOriole ;
_tAll about Allison ;
_tThe Litvinov ruse --
_gdisc 4.
_tNew normal ;
_tOur man in Damascus ;
_tA false glimmer.
508 _aMusic by Sean Callery ; director of photography, David Klein ; production designer, John D. Kretschmer ; executive producers, Gideon Raff, Howard Gordon, Alex Gansa.
511 1 _aClaire Danes, Mandy Patinkin, Rupert Friend, Sebastian Koch, Miranda Otto, Alexander Fehling, Sarah Sokolovic, F. Murray Abraham, Nina Hoss.
520 _aNow working at a private security firm in Berlin, Carrie is trying to start a new life, but she soon discovers she can't escape her past. Blindsided by stunning betrayals, and without Saul and Quinn to rely on, Carrie must uncover a deadly conspiracy that puts thousands of lives at risk, including her own.
521 8 _aTV rating: TV-MA
_aCHV rating: 14A.
538 _aDVD, NTSC region 1, dual layer, widescreen (1.78:1) presentation; Dolby Digital 5.1, surround Dolby Digital 2.0.
546 _aIn English (Dolby Digital 5.1), dubbed Spanish (Dolby Digital 5.1), dubbed French (surround Dolby Digital 2.0), or dubbed Portuguese (surround Dolby Digital 2.0); optional Spanish, French, or Portuguese subtitles; optional English subtitles for the deaf and hard-of-hearing (SDH); closed-captioned.
600 1 0 _aRaff, Gideon
_vTelevision adaptations.
_95739691
610 1 0 _aUnited States.
_bCentral Intelligence Agency
_vDrama.
_95676918
610 2 0 _aQaida (Organization)
_vDrama.
_95739692
650 0 _aWomen intelligence officers
_zUnited States
_vDrama.
_95739693
650 0 _aTerrorism
_xPrevention
_vDrama.
_95739694
650 0 _aTerrorism investigation
_vDrama.
_95739695
650 0 _aTerrorists
_zUnited States
_vDrama.
_95727247
650 7 _aPrisioneros de guerra
_zEstados Unidos
_vTeatro.
_2bidex
_95739696
650 7 _aPrisioneros de guerra
_zIrak
_vTeatro.
_2bidex
_95739697
650 7 _aTerroristas
_zEstados Unidos
_vTeatro.
_2bidex
_95739698
650 7 _aAgencia Central de Inteligencia (Estados Unidos)
_vTeatro.
_2bidex
_95739699
655 7 _aSpy television programs.
_2lcgft
655 7 _aAction and adventure television programs.
_2lcgft
_95676921
655 7 _aDetective and mystery television programs.
_2lcgft
655 7 _aTelevision crime shows.
_2lcgft
_95706353
655 7 _aThrillers (Television programs)
_2lcgft
_95698785
655 7 _aTelevision remakes.
_2lcgft
_95739700
655 7 _aTelevision series.
_2lcgft
655 7 _aFiction television programs.
_2lcgft
_95673656
655 7 _aTelevision programs
_zUnited States.
_2local
_95673882
655 7 _aVideo recordings for the hearing impaired.
_2lcgft
700 1 _aGansa, Alex,
_ecreator,
_etelevision producer.
_95891167
700 1 _aGordon, Howard,
_d1961-
_ecreator,
_etelevision producer.
_95698306
700 1 _aRaff, Gideon,
_etelevision producer.
_95891173
700 1 _aDanes, Claire,
_d1979-
_eactor.
_963370
700 1 _aPatinkin, Mandy,
_eactor.
_913506
700 1 _aFriend, Rupert,
_eactor.
_973671
700 1 _aAbraham, F. Murray,
_eactor.
_930493
700 1 _aKoch, Sebastian,
_d1962-
_eactor.
_95883693
700 1 _aOtto, Miranda,
_eactor.
_958312
700 1 _aFehling, Alexander,
_eactor.
_96557567
700 1 _aSokolovic, Sarah,
_eactor.
_96557568
700 1 _aHoss, Nina,
_eactor.
_95884721
700 1 _aCallery, Sean,
_d1964-
_ecomposer (expression)
_95891177
700 1 _aKlein, David,
_d1972-
_ecinematographer.
_95891178
700 1 _aKretschmer, John D.,
_eproduction designer.
_95891179
700 1 _aRaff, Gideon.
_tHatufim.
_95739711
710 2 _aTwentieth Century-Fox Film Corporation,
_eproduction company.
_95758
710 2 _aTeakwood Lane Productions (Firm),
_eproduction company.
_95891182
710 2 _aCherry Pie Productions,
_eproduction company.
_95891183
710 2 _aKeshet Broadcasting,
_eproduction company.
_95891184
710 2 _aFox 21 (Firm),
_eproduction company.
_95891185
710 2 _aShowtime Networks,
_eproduction company,
_ebroadcaster.
_963052
710 2 _aTwentieth Century Fox Home Entertainment, Inc.,
_epublisher.
_961951
730 0 _aHomeland (Television program : 2011- ).
_nSeason 5.
_95739716
730 0 _aHomeland (Television program : 2011- ).
_nSeason 5.
_lSpanish.
_95739717
730 0 _aHomeland (Television program : 2011- ).
_nSeason 5.
_lFrench.
_95739718
730 0 _aHomeland (Television program : 2011- ).
_nSeason 5.
_lPortuguese.
_95739719
942 _2ddc
_cDVDSERIES
999 _c217466
_d217466